000 00332pab a2200121 454500
008 180718b xxu||||| |||| 00| 0 eng d
100 _aGadgil, V.N
245 _aUpholding human rights: distorted deliberations at Geneva talking shop
650 _a Human Right
650 _aCivil Liberties
773 _aIndian Express
909 _a21631
999 _c21631
_d21631